Statistics for Belgian Scorers in 2010s Champions League

Click here to take the quiz!

General Stats

  • This quiz has been taken 153 times
  • The average score is 17 of 36

Answer Stats

PlayerTeamGls% Correct
Romelu LukakuManchester Utd7
99%
Eden HazardChelsea8
98%
Thorgan HazardM'gladbach1
98%
Kevin De BruyneManchester City5
97%
Dries MertensNapoli10
96%
Jan VertonghenTottenham1
88%
Yannick CarrascoMonaco ,Atletico Madrid4
88%
Axel WitselZenit, Dortmund3
84%
Toby AlderweireldAjax, Tottenham3
84%
Marouane FellainiManchester Utd2
81%
Divock OrigiLiverpool3
79%
Vincent KompanyManchester City1
75%
Thomas MeunierParis SG2
73%
Radja NainggolanRoma, Inter3
68%
Michy BatshuayiChelsea, Valencia3
63%
Thomas VermaelenArsenal1
59%
Daniel Van BuytenBayern Munich1
57%
Youri TielemansMonaco1
43%
Hans VanakenClub Brugge2
37%
Nacer ChadliTwente3
35%
Steven DefourPorto1
33%
Nicolas LombaertsZenit1
32%
Laurent DepoitreGent1
22%
Jelle VossenGenk, Club Brugge3
21%
Vadis Odjidja-OfoeLegia Warsaw, Olympiacos2
21%
Sven KumsGent2
20%
Dennis PraetAnderlecht1
19%
Anthony Vanden BorreAnderlecht2
9%
Gianni BrunoLille1
8%
Massimo BrunoAnderlecht1
8%
Thomas FoketGent1
7%
Tom De SutterAnderlecht1
6%
Igor de CamargoStandard Liège1
5%
Maxime LestiennePSV Eindhoven2
5%
Viktor KlonaridisAEK Athens2
4%
Thomas MattonGent1
2%

Score Distribution

Percentile by Number Answered

Percent of People with Each Score

Your Score History

You have not taken this quiz